000 01874nam0a2200397 4500
001 RU\NLR\bibl\1778165
005 20260405205601.0
010 _a978-5-397-02058-9
021 _aRU
_b2011-37464
_92672
035 _a(nilc)RSL-KNO-004948015
035 _a(NLR Aleph) 001768927
090 _a1625468
_c1625468
100 _a20110531d2011 |||y0rusy50 ca
101 0 _arus
102 _aRU
105 _ay |||||||||
200 1 _aБеседы о коннице
_e1600 верст похода 1-й бригады 12-й кавалерийской дивизии
_eопыт подготовки конницы к походно-боевой работе
_fН. Н. Сухотин
205 _aИзд. 2-е
210 _aМосква
_cURSS
_cЛИБРОКОМ
_d2011
215 _aIV, XLVII, 171 с.
_d22
225 1 _aЭнциклопедия конника
300 _aНа обороте тит.л. авт.: генерал Н.Н. Сухотин
320 _aБиблиогр.: с. 163-167 (100 назв.) и в подстроч. примеч.
601 0 2 _aКавалерийская дивизия
_bБригада
_c12; до 1917 г.
_c1
_92629962
_3RU\NLR\auth\661566522
601 0 1 _aРоссия
_bСухопутные войска
_bКавалерия
_xБоевая подготовка
_92629967
_3RU\NLR\auth\661566527
686 _aЦ599.1г(2)я20
_2rubbk
686 _aЦ59,8(2)0-13
686 _aЦ59,8(2)0-3
700 1 _4070
_8rus
_7ca
_aСухотин
_bН. Н.
_f1847-1918
_gНиколай Николаевич
_3RU\NLR\auth\7792825
_975751
801 0 _aRU
_bRuMoRKP
_c20110531
_grcr
801 1 _aRU
_bРГБ
_c20110531
801 2 _aRU
_bNLR
_c20110608
_grcr
942 _cBOOK
980 _aNB
980 _aNBR